| 000 | 00417nam a2200157 i 4500 | ||
|---|---|---|---|
| 001 | 61754 | ||
| 003 | ES-MaACL | ||
| 005 | 20230906164532.0 | ||
| 007 | t| | ||
| 008 | 031113s1925 sp ||||1| spa d | ||
| 100 | 1 |
_aFariña Nuñez, Eloy. _948868 |
|
| 245 | 1 | 3 |
_aEl jardín del silencio _b: ensayos filosóficos. |
| 260 |
_aAsunción : _bH. Kraus, _c1925. |
||
| 300 |
_a148 p. ; _c19 cm. |
||
| 852 |
_aES-MaACL _jF-1183 |
||
| 999 |
_c61754 _d61754 |
||